[Event "Tch-CRO 1stA liga 2017"]
[Site "Mali Losinj"]
[Date "2017.10.04"]
[Round "7.36"]
[White "Matijevic, Hrvoje"]
[Black "Zelenika, Srdjan"]
[Result "1-0"]
[WhiteElo "2227"]
[BlackElo "2215"]
[PlyCount "63"]
[EventDate "2017.??.??"]
[EventCountry "CRO"]

1. d4 Nf6 2. c4 g6 3. Nc3 Bg7 4. e4 d6 5. Nf3 O-O 6. Be2 e5 7. O-O Nc6 8. d5
Ne7 9. Ne1 Nd7 10. Nd3 f5 11. f3 f4 12. Bd2 Rf7 13. Rc1 Nf6 14. c5 g5 15. Nb5
Ng6 16. Ba5 b6 17. cxd6 bxa5 18. dxc7 Qf8 19. Qa4 Ne8 20. Qxa5 Bf6 21. Nxa7 h5
22. Kh1 g4 23. Qb6 Rxa7 24. Qxa7 Qe7 25. Nc5 Nxc7 26. Rfd1 Qd6 27. Qb8 Rf8 28.
Nb7 Bxb7 29. Qxb7 Rf7 30. Rc6 Qd8 31. d6 Ne6 32. d7 1-0

[Event "Tch-CRO 1stA liga 2017"]
[Site "Mali Losinj"]
[Date "2017.10.04"]
[Round "7.42"]
[White "Dabo-Peranic, Robert"]
[Black "Malakhov, Vladimir"]
[Result "0-1"]
[WhiteElo "2341"]
[BlackElo "2691"]
[PlyCount "106"]
[EventDate "2017.??.??"]
[EventCountry "CRO"]

1. e4 g6 2. d4 Bg7 3. Nc3 d6 4. f4 Nf6 5. Nf3 O-O 6. Bd3 Na6 7. O-O c5 8. d5
Bg4 9. a3 Nc7 10. f5 Nd7 11. h3 Bxf3 12. Qxf3 Ne5 13. Qg3 Ne8 14. Be2 Nf6 15.
Bf4 Nfd7 16. Nd1 c4 17. Be3 b5 18. Rf4 Kh8 19. Kh1 Bh6 20. Rh4 Bxe3 21. Nxe3
Rg8 22. fxg6 Nxg6 23. Rh6 Nf6 24. Nf5 Nxe4 25. Qe3 Nf6 26. Rf1 Qf8 27. Nxd6
exd6 28. Rxf6 Re8 29. Qd4 Re5 30. Rh5 Qg7 31. Rxe5 dxe5 32. Qf2 Nf4 33. Ra6
Nxg2 34. Qf6 Qxf6 35. Rxf6 Nf4 36. Bf1 Kg7 37. Ra6 e4 38. a4 e3 39. axb5 e2 40.
Bxe2 Nxe2 41. Rxa7 Rb8 42. d6 Rxb5 43. d7 Rd5 44. Rc7 c3 45. b4 Kf6 46. b5 Ke6
47. b6 Rxd7 48. b7 Rd1+ 49. Kg2 Rb1 50. Kf2 Nd4 51. Rc4 Nf5 52. Rc6+ Nd6 53.
Rxc3 Ne4+ 0-1

[Event "Tch-CRO 1stA liga 2017"]
[Site "Mali Losinj"]
[Date "2017.10.04"]
[Round "7.43"]
[White "Stevic, Hrvoje"]
[Black "Rubil, Marko"]
[Result "1-0"]
[WhiteElo "2616"]
[BlackElo "2298"]
[PlyCount "81"]
[EventDate "2017.??.??"]
[EventCountry "CRO"]

1. e4 e5 2. Nf3 Nc6 3. Bb5 a6 4. Ba4 Nf6 5. O-O Be7 6. d3 b5 7. Bb3 d6 8. a3
Na5 9. Ba2 c5 10. Nc3 O-O 11. b4 Nc6 12. Nd5 Be6 13. c3 Kh8 14. h3 Rg8 15. Ng5
Rf8 16. Nxf6 Bxf6 17. Nxe6 fxe6 18. Bxe6 Qc7 19. Be3 Rae8 20. Ba2 Ne7 21. Qg4
Ng6 22. g3 Ne7 23. Rfc1 c4 24. dxc4 bxc4 25. Rd1 Ng8 26. a4 g6 27. b5 a5 28.
Rab1 Bd8 29. Qe2 Nf6 30. b6 Qd7 31. Bxc4 Qxh3 32. Qf1 Qxf1+ 33. Bxf1 Nxe4 34.
Rd3 d5 35. b7 Bc7 36. Rxd5 Nxc3 37. Rc5 Nxb1 38. Rxc7 Rd8 39. Bh6 Rg8 40. Bg5
Rdf8 41. b8=Q 1-0

[Event "Tch-CRO 1stA liga 2017"]
[Site "Mali Losinj"]
[Date "2017.10.04"]
[Round "7.44"]
[White "Matanovic, Luka"]
[Black "Kozul, Zdenko"]
[Result "0-1"]
[WhiteElo "2211"]
[BlackElo "2596"]
[PlyCount "88"]
[EventDate "2017.??.??"]
[EventCountry "CRO"]

1. e4 c5 2. Nf3 d6 3. d4 cxd4 4. Qxd4 Nc6 5. Bb5 Bd7 6. Qd3 g6 7. c4 Bg7 8. O-O
Nf6 9. h3 a6 10. Bxc6 Bxc6 11. Nc3 Nd7 12. Be3 Nc5 13. Qc2 O-O 14. Nd4 Rc8 15.
Rad1 Bd7 16. b4 Ne6 17. Nxe6 fxe6 18. c5 b6 19. Na4 bxc5 20. bxc5 Qa5 21. Nb2
Qxa2 22. Rd2 Bb5 23. Rc1 dxc5 24. Qd1 Bxb2 25. Rcc2 Qa1 26. Rxb2 Qxd1+ 27. Rxd1
c4 28. Rc1 Rfd8 29. Bd2 Rd3 30. Ba5 Kf7 31. e5 g5 32. f4 Rg8 33. Rf2 g4 34.
hxg4 Rxg4 35. f5 exf5 36. Rxf5+ Kg6 37. Rf8 Rdg3 38. Rc2 Bc6 39. Rff2 Re3 40.
Bc7 h5 41. Rcd2 Rf3 42. Bd8 c3 43. Ra2 Rxf2 44. Rxf2 Rxg2+ 0-1

[Event "Tch-CRO 1stA liga 2017"]
[Site "Mali Losinj"]
[Date "2017.10.04"]
[Round "7.45"]
[White "Palac, Mladen"]
[Black "Vukelic, Tomislav"]
[Result "1-0"]
[WhiteElo "2535"]
[BlackElo "2226"]
[PlyCount "149"]
[EventDate "2017.??.??"]
[EventCountry "CRO"]

1. e4 e5 2. Nf3 Nc6 3. Bb5 Nf6 4. d3 d6 5. c3 Be7 6. O-O O-O 7. Re1 a6 8. Ba4
Re8 9. h3 h6 10. d4 b5 11. Bc2 Bf8 12. Nbd2 Bb7 13. a3 Qd7 14. Nf1 Rad8 15. Ng3
Qc8 16. d5 Ne7 17. b3 c6 18. c4 Qc7 19. Be3 Bc8 20. Nh2 bxc4 21. bxc4 Bd7 22.
Bd3 c5 23. Ng4 Nxg4 24. hxg4 Rb8 25. g5 hxg5 26. Bxg5 g6 27. Qd2 Bg7 28. Rf1
Kf8 29. Bh6 Ng8 30. Bg5 f6 31. Be3 Rb3 32. f4 Bh6 33. Ne2 Kg7 34. Nc1 Rbb8 35.
Bc2 Rf8 36. Nd3 Rfe8 37. Rf2 Rf8 38. Raf1 Rbe8 39. Rf3 Rb8 40. Qf2 Bg4 41. Rg3
Bd7 42. f5 g5 43. Rh3 Rfc8 44. Qe1 Be8 45. Bd2 Rb7 46. Kf2 Kf8 47. Rfh1 Bg7 48.
Ba5 Qd7 49. Ke2 Rcb8 50. a4 Qc8 51. Bc3 Bd7 52. a5 Qe8 53. Qa1 Ne7 54. Qa3 Qc8
55. Bd2 Kf7 56. Be3 Rc7 57. Kd2 Be8 58. Qa1 Ng8 59. Rh7 Kf8 60. Qa3 Rbb7 61.
R7h2 Ne7 62. Ke2 Ng8 63. Bf2 Kf7 64. Kd2 Kf8 65. Be3 Kf7 66. Ke2 Kf8 67. Bd2
Qd7 68. Nb2 Ne7 69. Na4 Nc8 70. Nb6 Nxb6 71. axb6 Rc8 72. Ba5 Rcb8 73. Kd2 Kg8
74. Qh3 Qf7 75. Qh8+ 1-0

[Event "Tch-CRO 1stA liga 2017"]
[Site "Mali Losinj"]
[Date "2017.10.04"]
[Round "7.46"]
[White "Soldo, Josip"]
[Black "Jankovic, Alojzije"]
[Result "0-1"]
[WhiteElo "2122"]
[BlackElo "2582"]
[PlyCount "80"]
[EventDate "2017.??.??"]
[EventCountry "CRO"]

1. Nf3 Nf6 2. e3 g6 3. d4 Bg7 4. Be2 O-O 5. O-O d6 6. b3 c5 7. Bb2 Nc6 8. Nbd2
Bf5 9. a3 a6 10. c4 h6 11. d5 Nb8 12. Nh4 Bc8 13. Qc2 e5 14. dxe6 Bxe6 15. Rad1
Nc6 16. Nhf3 Qe7 17. Bd3 Rfd8 18. h3 Rab8 19. Ba1 b5 20. Ne4 bxc4 21. bxc4 Nxe4
22. Bxe4 Bxa1 23. Rxa1 Na5 24. Bd3 d5 25. Bxg6 Nxc4 26. Bf5 Rb2 27. Qd3 Bxf5
28. Qxf5 Qe4 29. Qh5 Rd6 30. Nh4 Rf6 31. Qg4+ Qxg4 32. hxg4 Nd2 33. Rfc1 Nb3
34. Rcb1 Rfxf2 35. Rxb2 Rxb2 36. Rf1 c4 37. Nf5 c3 38. Nxh6+ Kh7 39. g5 c2 40.
Rxf7+ Kg6 0-1

[Event "Tch-CRO 1stA liga 2017"]
[Site "Mali Losinj"]
[Date "2017.10.04"]
[Round "7.51"]
[White "Romanov, Evgeny"]
[Black "Cheparinov, Ivan"]
[Result "0-1"]
[WhiteElo "2626"]
[BlackElo "2695"]
[PlyCount "132"]
[EventDate "2017.??.??"]
[EventCountry "CRO"]

1. c4 e6 2. Nc3 Nf6 3. d4 Bb4 4. e3 O-O 5. Bd3 d5 6. Nf3 b6 7. O-O c5 8. cxd5
exd5 9. Ne5 Bxc3 10. bxc3 Ba6 11. Bxa6 Nxa6 12. a4 Re8 13. Qd3 Nb8 14. Ba3 c4
15. Qf5 Qc7 16. f3 Nc6 17. Nxc6 Qxc6 18. Bc1 Re6 19. Ra2 Rae8 20. Qc2 Nd7 21.
g4 Nf8 22. Qf2 Rg6 23. h3 f5 24. Qh4 Rf6 25. Qh5 Qd7 26. Rg2 Ng6 27. gxf5 Rxf5
28. Qg4 Qf7 29. Rff2 Rf6 30. h4 Nf8 31. h5 Ne6 32. e4 Nf4 33. Bxf4 Rxf4 34. Qg5
dxe4 35. fxe4 Rexe4 36. Rxf4 Rxf4 37. Qd8+ Qf8 38. Qd5+ Kh8 39. Qxc4 h6 40. Qe2
Qf7 41. Rg6 Rf3 42. Qe1 Qf4 43. Rg2 Qf7 44. Rf2 Rxf2 45. Qxf2 Qxh5 46. c4 Kg8
47. Qf4 Qd1+ 48. Kf2 Qc2+ 49. Kf3 Qd3+ 50. Kf2 Qxc4 51. Qb8+ Kh7 52. Ke3 Qe6+
53. Kd3 a5 54. Qd8 Qb3+ 55. Ke4 Qxa4 56. Qc8 Qb5 57. d5 Qb1+ 58. Ke5 a4 59. Qa6
Qb2+ 60. Ke6 b5 61. Kf7 Qf2+ 62. Ke7 Qe3+ 63. Kd7 Qd3 64. d6 a3 65. Kd8 a2 66.
d7 Qb1 0-1

[Event "Tch-CRO 1stA liga 2017"]
[Site "Mali Losinj"]
[Date "2017.10.04"]
[Round "7.52"]
[White "Hracek, Zbynek"]
[Black "Ivanisevic, Ivan"]
[Result "1-0"]
[WhiteElo "2610"]
[BlackElo "2611"]
[PlyCount "81"]
[EventDate "2017.??.??"]
[EventCountry "CRO"]

1. e4 c5 2. Nf3 e6 3. d4 cxd4 4. Nxd4 Nc6 5. Nc3 Qc7 6. Be2 a6 7. O-O Bc5 8.
Nxc6 dxc6 9. Kh1 e5 10. f4 Bd4 11. f5 Nf6 12. Bg5 b5 13. Bd3 Bb7 14. a4 h6 15.
Bh4 O-O-O 16. axb5 axb5 17. Qf3 Kb8 18. Ne2 Bb6 19. b4 h5 20. Nc1 Rd4 21. c3
Rd6 22. Nb3 Rhd8 23. Bc2 Ng4 24. Nc5 Rd2 25. Rac1 Bc8 26. h3 Rh8 27. Kg1 Qd6
28. hxg4 hxg4 29. Qxg4 g5 30. Be1 Bxc5+ 31. bxc5 Qxc5+ 32. Bf2 Rxf2 33. Rxf2
Qe3 34. Rd1 Rh4 35. Qf3 Qa7 36. Qd3 Rh6 37. Re1 Qe7 38. Qe3 Bb7 39. Rd2 Rh8 40.
Red1 g4 41. Qb6 1-0

[Event "Tch-CRO 1stA liga 2017"]
[Site "Mali Losinj"]
[Date "2017.10.04"]
[Round "7.53"]
[White "Lalic, Bogdan"]
[Black "Leventic, Ivan"]
[Result "1/2-1/2"]
[WhiteElo "2438"]
[BlackElo "2411"]
[PlyCount "22"]
[EventDate "2017.??.??"]
[EventCountry "CRO"]

1. d4 d5 2. c4 dxc4 3. e3 e5 4. Bxc4 Nc6 5. Qb3 Qd7 6. Nf3 Bd6 7. dxe5 Bxe5 8.
O-O Nf6 9. Rd1 Qe7 10. Nxe5 Nxe5 11. Be2 O-O 1/2-1/2

[Event "Tch-CRO 1stA liga 2017"]
[Site "Mali Losinj"]
[Date "2017.10.04"]
[Round "7.55"]
[White "Sulava, Nenad"]
[Black "Mrkonjic, Nenad"]
[Result "1-0"]
[WhiteElo "2452"]
[BlackElo "2351"]
[PlyCount "105"]
[EventDate "2017.??.??"]
[EventCountry "CRO"]

1. c4 Nf6 2. Nf3 c6 3. Nc3 d5 4. e3 e6 5. Qc2 Be7 6. b3 O-O 7. Bb2 Nbd7 8. d4
Re8 9. Bd3 Nf8 10. O-O Bd6 11. Ne5 N6d7 12. f4 f5 13. Kh1 Nf6 14. c5 Bc7 15. b4
a6 16. a4 Bd7 17. Qe2 Re7 18. h3 Be8 19. Rg1 Bg6 20. b5 axb5 21. axb5 Rxa1 22.
Rxa1 cxb5 23. Nxb5 Be8 24. Nd6 b6 25. Nxe8 Qxe8 26. Bb5 Qc8 27. Qc2 Bd8 28. Nc6
bxc5 29. Nxe7+ Bxe7 30. Ba3 Qb7 31. Bxc5 Bxc5 32. Qxc5 Ne4 33. Qc6 Qe7 34. Ra8
h6 35. Qe8 Qxe8 36. Bxe8 g5 37. fxg5 hxg5 38. Ra7 Nd6 39. Re7 f4 40. exf4 gxf4
41. Bd7 Nxd7 42. Rxd7 Nf5 43. Kg1 Kf8 44. Kf2 Ke8 45. Ra7 Nxd4 46. Ra4 e5 47.
Rxd4 exd4 48. Ke2 Ke7 49. Kd3 Kf6 50. Kxd4 Kg5 51. Kxd5 Kh4 52. Ke4 Kg3 53. h4
1-0

[Event "Tch-CRO 1stA liga 2017"]
[Site "Mali Losinj"]
[Date "2017.10.04"]
[Round "7.56"]
[White "Feletar, Darko"]
[Black "Loncar, Robert"]
[Result "1/2-1/2"]
[WhiteElo "2370"]
[BlackElo "2368"]
[PlyCount "28"]
[EventDate "2017.??.??"]
[EventCountry "CRO"]

1. e4 e5 2. Nf3 Nc6 3. Bb5 a6 4. Ba4 Nf6 5. O-O Be7 6. Re1 b5 7. Bb3 d6 8. c3
O-O 9. h3 Nb8 10. d4 Nbd7 11. Nbd2 Bb7 12. Bc2 Re8 13. Nf1 Bf8 14. Ng3 g6
1/2-1/2

[Event "Tch-CRO 1stA liga 2017"]
[Site "Mali Losinj"]
[Date "2017.10.05"]
[Round "8.11"]
[White "Saric, Ivan"]
[Black "Cheparinov, Ivan"]
[Result "1/2-1/2"]
[WhiteElo "2662"]
[BlackElo "2695"]
[PlyCount "128"]
[EventDate "2017.??.??"]
[EventCountry "CRO"]

1. e4 e5 2. Nf3 Nc6 3. Bb5 a6 4. Ba4 Nf6 5. O-O Be7 6. Re1 b5 7. Bb3 d6 8. c3
O-O 9. h3 Nb8 10. d4 Nbd7 11. Nbd2 Bb7 12. Bc2 Re8 13. Nf1 Bf8 14. Ng3 g6 15.
a4 Nb6 16. a5 Nbd7 17. b3 exd4 18. cxd4 c5 19. d5 Rc8 20. Bf4 Ne5 21. Nxe5 dxe5
22. Bg5 h6 23. Be3 c4 24. bxc4 Rxc4 25. Bd3 Rc8 26. Qd2 h5 27. Bh6 Bc5 28. Rac1
Nh7 29. Rxc5 Rxc5 30. Be3 Rc8 31. f4 h4 32. Ne2 Nf6 33. fxe5 Rxe5 34. Bd4 Rxd5
35. Bxf6 Rxd3 36. Qg5 Qd6 37. Nf4 Rd1 38. Qxh4 Rxe1+ 39. Kh2 Qxf6 40. Qxf6 Rxe4
41. Qb6 Rxf4 42. Qxb7 Rfc4 43. Qxa6 b4 44. Qb6 R4c6 45. Qb7 R6c7 46. Qb6 b3 47.
a6 b2 48. Qxb2 Ra7 49. Qe2 Rca8 50. h4 Rxa6 51. h5 gxh5 52. Qxh5 Rg6 53. Qe5
Rd8 54. Qe2 Rd5 55. Kg1 Rdg5 56. Kh1 Kg7 57. Qb2+ Kh7 58. Qf2 Kg8 59. Qe2 Ra5
60. Qb2 Rh6+ 61. Kg1 Rhh5 62. Qb8+ Kg7 63. Qb2+ Kg8 64. Qb8+ Kg7 1/2-1/2

[Event "Tch-CRO 1stA liga 2017"]
[Site "Mali Losinj"]
[Date "2017.10.05"]
[Round "8.12"]
[White "Hracek, Zbynek"]
[Black "Predojevic, Borki"]
[Result "1/2-1/2"]
[WhiteElo "2610"]
[BlackElo "2614"]
[PlyCount "25"]
[EventDate "2017.??.??"]
[EventCountry "CRO"]

1. e4 e5 2. Nf3 Nc6 3. Bc4 Bc5 4. O-O Nf6 5. d3 d6 6. c3 a5 7. Re1 h6 8. a4 O-O
9. Nbd2 Be6 10. h3 Qc8 11. b3 Re8 12. Bb2 d5 13. exd5 1/2-1/2

[Event "Tch-CRO 1stA liga 2017"]
[Site "Mali Losinj"]
[Date "2017.10.05"]
[Round "8.13"]
[White "Markus, Robert"]
[Black "Leventic, Ivan"]
[Result "1/2-1/2"]
[WhiteElo "2650"]
[BlackElo "2411"]
[PlyCount "147"]
[EventDate "2017.??.??"]
[EventCountry "CRO"]

1. d4 d5 2. c4 dxc4 3. Nf3 a6 4. e3 b5 5. a4 Bb7 6. b3 e6 7. bxc4 bxc4 8. Bxc4
c5 9. O-O Nf6 10. Nbd2 Nbd7 11. Rb1 Qc7 12. Bb2 cxd4 13. Nxd4 Bc5 14. Qe2 O-O
15. Rfc1 Rfb8 16. N2b3 Be4 17. Ra1 Bxd4 18. Bxd4 Qd6 19. Nd2 Bd5 20. Bd3 e5 21.
Bc3 Nc5 22. Bc2 Nfe4 23. Nxe4 Nxe4 24. Be1 Nc5 25. Rd1 Qe6 26. Bf5 Qxf5 27.
Rxd5 Ne6 28. f4 f6 29. fxe5 fxe5 30. Bg3 Rb1+ 31. Rxb1 Qxb1+ 32. Qf1 Qa2 33.
Rxe5 Rf8 34. Rf5 Qxa4 35. Rxf8+ Nxf8 36. Bd6 Ne6 37. Qc1 Qd7 38. Bb4 h6 39. Qc4
Kf7 40. Qf1+ Kg6 41. Qxa6 Qd1+ 42. Kf2 Qc2+ 43. Qe2 Qe4 44. Be1 Nc5 45. h3 h5
46. Kg1 Qb1 47. Kh2 Ne4 48. Qf3 Qb8+ 49. Bg3 Qe8 50. Qf4 Qe6 51. Qc7 Kf6 52.
Qd8+ Kf7 53. Qd4 Qf5 54. Be5 g5 55. Qd5+ Ke7 56. Qb7+ Ke6 57. Bd4 Nd6 58. Qb3+
Kd7 59. Qa4+ Ke6 60. Qa2+ Qd5 61. Qe2 h4 62. Qa6 Ke7 63. Qa7+ Ke6 64. Qb8 Ne4
65. Qg8+ Kd6 66. Qf8+ Ke6 67. Kg1 Qb7 68. Qe8+ Kd5 69. Qg8+ Kd6 70. Qg6+ Kd5
71. Bf6 Qb1+ 72. Kh2 Qb8+ 73. Kg1 Qb1+ 74. Kh2 1/2-1/2

[Event "Tch-CRO 1stA liga 2017"]
[Site "Mali Losinj"]
[Date "2017.10.05"]
[Round "8.14"]
[White "Zivkovic, Vjekoslav"]
[Black "Jovanic, Ognjen"]
[Result "1/2-1/2"]
[WhiteElo "2358"]
[BlackElo "2490"]
[PlyCount "45"]
[EventDate "2017.??.??"]
[EventCountry "CRO"]

1. e4 c5 2. Nf3 e6 3. d4 cxd4 4. Nxd4 Nc6 5. Nc3 Qc7 6. Be3 a6 7. Qf3 Bd6 8.
O-O-O Be5 9. g3 Nge7 10. Qe2 b5 11. f4 Bxd4 12. Bxd4 Nxd4 13. Rxd4 Rb8 14. Kb1
O-O 15. Bg2 b4 16. Nd1 e5 17. fxe5 Nc6 18. Rd2 Nxe5 19. Ne3 Bb7 20. Rd4 a5 21.
Rhd1 Bc6 22. Qd2 Rfe8 23. Nf5 1/2-1/2

[Event "Tch-CRO 1stA liga 2017"]
[Site "Mali Losinj"]
[Date "2017.10.05"]
[Round "8.15"]
[White "Kovacevic, Blazimir"]
[Black "Mrkonjic, Nenad"]
[Result "1/2-1/2"]
[WhiteElo "2488"]
[BlackElo "2351"]
[PlyCount "137"]
[EventDate "2017.??.??"]
[EventCountry "CRO"]

1. Nf3 d5 2. g3 c6 3. Bg2 h6 4. O-O Bf5 5. c4 e6 6. Qb3 Qb6 7. Nd4 Bg6 8. cxd5
exd5 9. Qe3+ Be7 10. d3 Nf6 11. Bh3 Nbd7 12. Nf5 Bxf5 13. Bxf5 Qxe3 14. Bxe3
Bd6 15. Nd2 O-O 16. Rfc1 Rfe8 17. Kf1 h5 18. Nb3 Bc7 19. Nd4 Bd6 20. Nf3 Ne5
21. d4 Neg4 22. Bf4 Bxf4 23. gxf4 Nh6 24. Bh3 Ne4 25. Rc2 a5 26. Ne5 f6 27. Nd3
Nd6 28. e3 Kf7 29. Ke2 Re7 30. Rg1 Rae8 31. Kd1 Rg8 32. Re2 Ke8 33. Rg6 Kf7 34.
Rg1 Nhf5 35. Bxf5 Nxf5 36. Ne1 Ree8 37. Nf3 Rh8 38. Kd2 Re6 39. Kd3 Rhe8 40.
Rc1 Ke7 41. Rc3 Kd7 42. Re1 R6e7 43. Rec1 Re6 44. Rb3 Kc7 45. Rg1 R6e7 46. Rc3
Kd7 47. Kc2 Kd6 48. Ra3 b6 49. Rb3 Kc7 50. Kd3 Kb7 51. Rc3 Re6 52. Ke2 R6e7 53.
Kf1 Rc8 54. Kg2 Rec7 55. Rd1 Re8 56. Kh3 Nd6 57. Rc2 Nf5 58. Rg1 Rh8 59. Nh4
Nd6 60. Ng6 Rh6 61. Nh4 Re7 62. Ng6 Rf7 63. Nh4 Rh8 64. Rg6 Rc8 65. Rg1 Re8 66.
Ng6 Nf5 67. Nh4 Nd6 68. Ng6 Nf5 69. Nh4 1/2-1/2

[Event "Tch-CRO 1stA liga 2017"]
[Site "Mali Losinj"]
[Date "2017.10.05"]
[Round "8.16"]
[White "Feletar, Darko"]
[Black "Plenca, Jadranko"]
[Result "1/2-1/2"]
[WhiteElo "2370"]
[BlackElo "2440"]
[PlyCount "101"]
[EventDate "2017.??.??"]
[EventCountry "CRO"]

1. d4 d5 2. Nf3 Nf6 3. c4 c6 4. Nc3 a6 5. cxd5 cxd5 6. Bf4 Nc6 7. Rc1 Bf5 8. e3
Rc8 9. Bd3 Bxd3 10. Qxd3 e6 11. O-O Be7 12. h3 O-O 13. Ne5 Nxe5 14. Bxe5 Nd7
15. Bg3 Qa5 16. Rc2 Rc6 17. Rfc1 Rfc8 18. a3 Nb6 19. Nd1 Nc4 20. Qe2 Qb5 21.
Nc3 Qb3 22. Nd1 h6 23. Kh2 g6 24. Kg1 h5 25. Bf4 Bf6 26. Kh1 a5 27. Kg1 a4 28.
Kh1 Qb5 29. Nc3 Qa5 30. Nd1 b5 31. Kg1 b4 32. axb4 Qxb4 33. Kh1 Rb6 34. Kg1 Qa5
35. Kh1 Rcc6 36. Kg1 Rb7 37. g4 hxg4 38. hxg4 a3 39. bxa3 Be7 40. Nb2 Bxa3 41.
Nxc4 Qa6 42. Ra1 Rxc4 43. Be5 Kf8 44. Rc3 Rb2 45. Qxb2 Bxb2 46. Rxa6 Bxc3 47.
Ra8+ Ke7 48. g5 Bb4 49. Ra7+ Ke8 50. Ra8+ Kd7 51. Ra7+ 1/2-1/2

[Event "Tch-CRO 1stA liga 2017"]
[Site "Mali Losinj"]
[Date "2017.10.05"]
[Round "8.21"]
[White "Rogic, Davor"]
[Black "Romanov, Evgeny"]
[Result "1/2-1/2"]
[WhiteElo "2511"]
[BlackElo "2626"]
[PlyCount "78"]
[EventDate "2017.??.??"]
[EventCountry "CRO"]

1. e4 e5 2. Nf3 Nc6 3. Nc3 Nf6 4. Bb5 Bc5 5. d3 d6 6. Na4 Bb6 7. Nxb6 axb6 8.
c3 h6 9. h3 Bd7 10. Ba4 Ne7 11. Bc2 Ng6 12. O-O O-O 13. Be3 Bc6 14. Nh2 d5 15.
Ng4 dxe4 16. Nxf6+ Qxf6 17. dxe4 Rfd8 18. Qg4 Bd7 19. Qe2 Nf4 20. Bxf4 exf4 21.
Qf3 Bc6 22. Rfd1 Qe5 23. Rxd8+ Rxd8 24. Rd1 Re8 25. Qe2 Qe6 26. a3 f5 27. f3
fxe4 28. Bxe4 Bxe4 29. fxe4 Qxe4 30. Qxe4 Rxe4 31. Rd7 Rc4 32. Kf2 Kh7 33. Kf3
Kg6 34. h4 Kf6 35. h5 g6 36. hxg6 Kxg6 37. Re7 Kf6 38. Rh7 Kg6 39. Re7 Kf6
1/2-1/2

[Event "Tch-CRO 1stA liga 2017"]
[Site "Mali Losinj"]
[Date "2017.10.05"]
[Round "8.22"]
[White "Ivanisevic, Ivan"]
[Black "Dabo-Peranic, Robert"]
[Result "1-0"]
[WhiteElo "2611"]
[BlackElo "2341"]
[PlyCount "91"]
[EventDate "2017.??.??"]
[EventCountry "CRO"]

1. e4 e5 2. Nf3 Nc6 3. d4 exd4 4. Nxd4 Bc5 5. Nb3 Bb6 6. Qe2 Nf6 7. e5 Ng8 8.
Nc3 Qe7 9. Bf4 Qe6 10. O-O-O Nge7 11. Qh5 Qg6 12. Qxg6 Nxg6 13. Bg3 O-O 14. Re1
Re8 15. Bb5 Nce7 16. Bd3 f6 17. exf6 gxf6 18. Nd5 Kf7 19. Nxc7 Bxc7 20. Bxc7 d5
21. Nd4 a6 22. h4 Bd7 23. h5 Nf8 24. Bd6 h6 25. Bf4 Ng8 26. Kd2 Red8 27. Re3
Rac8 28. Rhe1 Re8 29. Rxe8 Rxe8 30. Rxe8 Kxe8 31. Nf5 Ne6 32. Bxh6 Nc5 33. Nd6+
Ke7 34. Bf4 Nxd3 35. Kxd3 Bg4 36. Nxb7 Bxh5 37. Kd4 Be2 38. Nc5 Bf1 39. g3 Kf7
40. Kxd5 Ne7+ 41. Kd4 Nc6+ 42. Kc3 Kg6 43. b4 Kf5 44. a4 Kg4 45. Ne4 f5 46. f3+
1-0

[Event "Tch-CRO 1stA liga 2017"]
[Site "Mali Losinj"]
[Date "2017.10.05"]
[Round "8.23"]
[White "Rubil, Marko"]
[Black "Lalic, Bogdan"]
[Result "1/2-1/2"]
[WhiteElo "2298"]
[BlackElo "2438"]
[PlyCount "27"]
[EventDate "2017.??.??"]
[EventCountry "CRO"]

1. e4 c6 2. d4 d5 3. e5 Bf5 4. Nf3 e6 5. Be2 Ne7 6. O-O c5 7. dxc5 Nec6 8. Nbd2
Bxc5 9. Nb3 Be7 10. c4 dxc4 11. Qxd8+ Bxd8 12. Bxc4 Nd7 13. Bf4 O-O 14. Rac1
1/2-1/2

[Event "Tch-CRO 1stA liga 2017"]
[Site "Mali Losinj"]
[Date "2017.10.05"]
[Round "8.24"]
[White "Plenkovic, Zdenko"]
[Black "Matanovic, Luka"]
[Result "1/2-1/2"]
[WhiteElo "2415"]
[BlackElo "2211"]
[PlyCount "113"]
[EventDate "2017.??.??"]
[EventCountry "CRO"]

1. g3 d5 2. Bg2 e5 3. d3 Nf6 4. Nd2 Bd6 5. e4 c6 6. Ngf3 O-O 7. O-O Re8 8. h3
Nbd7 9. Nh4 Bf8 10. Kh2 Nc5 11. exd5 cxd5 12. d4 exd4 13. Ndf3 Bd6 14. Nxd4
Nfe4 15. Nhf5 Be5 16. Qf3 Qf6 17. c3 b6 18. Kg1 Ba6 19. Rd1 Rad8 20. h4 h6 21.
Bf1 Bxf1 22. Kxf1 Ne6 23. Kg2 Bxd4 24. Nxd4 Qxf3+ 25. Kxf3 h5 26. Be3 N6c5 27.
Nc6 Rd7 28. Nb4 Re5 29. Nd3 Rf5+ 30. Kg2 Na4 31. Rac1 b5 32. f3 Nf6 33. Bd4 Nb6
34. Re1 Nc4 35. Rc2 a5 36. Rce2 a4 37. b3 axb3 38. axb3 Na5 39. Ra2 Nc6 40.
Ra8+ Kh7 41. Ra6 Rc7 42. Bxf6 Rxf6 43. Nf4 Rf5 44. Nh3 f6 45. Nf4 Ne5 46. Rc1
d4 47. c4 bxc4 48. Ne6 Nd3 49. Rf1 Rb7 50. bxc4 Rb2+ 51. Kg1 Nb4 52. Ra7 Re5
53. Nxd4 Nc6 54. f4 Re3 55. Rxg7+ Kh8 56. Nf5 Ree2 57. Ra1 1/2-1/2

[Event "Tch-CRO 1stA liga 2017"]
[Site "Mali Losinj"]
[Date "2017.10.05"]
[Round "8.25"]
[White "Vukelic, Tomislav"]
[Black "Sulava, Nenad"]
[Result "0-1"]
[WhiteElo "2226"]
[BlackElo "2452"]
[PlyCount "112"]
[EventDate "2017.??.??"]
[EventCountry "CRO"]

1. e4 d5 2. exd5 Nf6 3. Nf3 Nxd5 4. d4 g6 5. c4 Nb6 6. h3 Bg7 7. Be2 O-O 8. O-O
c5 9. dxc5 Qxd1 10. Rxd1 Na4 11. Nc3 Nxc3 12. bxc3 Bxc3 13. Rb1 Nc6 14. Bb2
Bxb2 15. Rxb2 Rd8 16. Rxd8+ Nxd8 17. Nd4 Bd7 18. Bf3 Kf8 19. Rb3 Bc6 20. Nxc6
bxc6 21. a4 Ke8 22. h4 Kd7 23. h5 Kc7 24. hxg6 hxg6 25. Re3 e6 26. Kh2 Rb8 27.
Kg3 Rb4 28. Be2 Rxa4 29. Kf4 Ra5 30. Ke5 Rxc5+ 31. Kf6 Rf5+ 32. Ke7 Rxf2 33.
Bf3 a5 34. Ra3 g5 35. Rxa5 g4 36. Bxg4 Rxg2 37. Bh5 f5 38. Ra7+ Kb6 39. Ra8 Rh2
40. Bg6 Rh6 41. Rxd8 Rxg6 42. Kd6 e5+ 43. Kxe5 Rg4 44. Kxf5 Rxc4 45. Rd1 Kc5
46. Ke5 Rc2 47. Ke4 Kc4 48. Rd4+ Kb3 49. Rd8 c5 50. Rb8+ Kc3 51. Kd5 c4 52. Rh8
Rg2 53. Rh3+ Kb4 54. Rh4 Rd2+ 55. Kc6 Kb3 56. Kc5 c3 0-1

[Event "Tch-CRO 1stA liga 2017"]
[Site "Mali Losinj"]
[Date "2017.10.05"]
[Round "8.26"]
[White "Loncar, Robert"]
[Black "Soldo, Josip"]
[Result "1-0"]
[WhiteElo "2368"]
[BlackElo "2122"]
[PlyCount "91"]
[EventDate "2017.??.??"]
[EventCountry "CRO"]

1. d4 d5 2. Nf3 Nc6 3. c4 dxc4 4. d5 Nb8 5. e4 e6 6. Bxc4 exd5 7. exd5 Bd6 8.
O-O Ne7 9. Nc3 Bg4 10. Qa4+ Nd7 11. Ng5 O-O 12. Bd3 Bf5 13. Bxf5 Nxf5 14. Qg4
g6 15. Qh3 Nf6 16. g4 Ng7 17. Qf3 h5 18. h3 hxg4 19. hxg4 Qd7 20. Nce4 Qxg4+
21. Qxg4 Nxg4 22. f3 Nh6 23. Nf6+ Kh8 24. Ngh7 Ngf5 25. Nxf8 Rxf8 26. Re1 Bc5+
27. Kf1 Bd4 28. Re8 Kg7 29. Rxf8 Kxf8 30. Ne4 Ke8 31. Bf4 Kd7 32. Rc1 Ne3+ 33.
Ke2 Nhf5 34. Rxc7+ Kd8 35. Rxf7 Nxd5 36. Bg5+ Kc8 37. b3 Bb6 38. Bd2 Nde7 39.
Nd6+ Nxd6 40. Rxe7 Nf5 41. Rf7 Bd8 42. Kd3 Bh4 43. Bb4 Bd8 44. Rf8 Kd7 45. Rg8
Nh4 46. Ke4 1-0

[Event "Tch-CRO 1stA liga 2017"]
[Site "Mali Losinj"]
[Date "2017.10.05"]
[Round "8.31"]
[White "Srbis, Jurica"]
[Black "Ivanchuk, Vassily"]
[Result "1/2-1/2"]
[WhiteElo "2421"]
[BlackElo "2727"]
[PlyCount "53"]
[EventDate "2017.??.??"]
[EventCountry "CRO"]

1. e4 c5 2. Nf3 Nc6 3. d4 cxd4 4. Nxd4 Nf6 5. Nc3 d6 6. g3 e6 7. Bg2 Bd7 8. O-O
Be7 9. Ndb5 Qb8 10. Bg5 O-O 11. Bxf6 Bxf6 12. Qxd6 a6 13. Qxd7 axb5 14. Nxb5
Bxb2 15. Rab1 Rd8 16. Qc7 Qxc7 17. Nxc7 Rxa2 18. Rfd1 Rxd1+ 19. Rxd1 Ba3 20.
Nb5 Bc5 21. Rd2 Bb4 22. Rd7 b6 23. Nd4 Nxd4 24. Rxd4 Bf8 25. Rd2 g6 26. Bf1 Bc5
27. Kg2 1/2-1/2

[Event "Tch-CRO 1stA liga 2017"]
[Site "Mali Losinj"]
[Date "2017.10.05"]
[Round "8.32"]
[White "Malakhov, Vladimir"]
[Black "Radovanovic, Nikola"]
[Result "1-0"]
[WhiteElo "2691"]
[BlackElo "2398"]
[PlyCount "93"]
[EventDate "2017.??.??"]
[EventCountry "CRO"]

1. Nf3 Nf6 2. g3 g6 3. b3 Bg7 4. Bb2 O-O 5. Bg2 d6 6. d4 c6 7. O-O Bf5 8. Nbd2
a5 9. a4 d5 10. Re1 Na6 11. Nh4 Be6 12. e4 dxe4 13. Nxe4 Nxe4 14. Bxe4 Qd7 15.
Qd2 Nb4 16. c3 Na6 17. c4 Nb4 18. Rad1 Bg4 19. Bf3 Bh3 20. Bc3 Qd6 21. Bg2 Bg4
22. f3 Be6 23. f4 Rfd8 24. h3 Rab8 25. Kh2 Qc7 26. Nf3 b5 27. Rxe6 fxe6 28. Qe2
Qd7 29. h4 bxc4 30. Bh3 Kh8 31. Bxe6 Qa7 32. Ne5 Bf6 33. Bxb4 axb4 34. Nxc6 Qb6
35. Nxb8 Qxb8 36. Bxc4 Qd6 37. a5 Bxd4 38. a6 Qc5 39. Qe6 Kg7 40. Kh3 h5 41.
Bd3 Qd6 42. Qxd6 Rxd6 43. Be4 Ba7 44. Rxd6 exd6 45. Kg2 Kf6 46. Kf3 Bb6 47. Ke2
1-0